[Event "4NCL 2017-18"]
[Site "Northampton"]
[Date "2018.02.10"]
[Round "5"]
[White "Howell, David W L"]
[Black "Trent, Lawrence"]
[Result "1-0"]
[WhiteElo "2682"]
[BlackElo "2436"]
[Annotator "TA"]
[PlyCount "109"]
[EventDate "2018.??.??"]
[EventCountry "GBR"]
[SourceTitle "playchess.com"]
[Source "ChessBase"]
[SourceQuality "1"]

{[%evp 16,109,0,0,18,0,0,0,0,0,47,29,43,41,33,31,48,31,36,7,7,15,20,0,0,0,0,0,0,0,0,0,0,0,0,0,0,0,0,-24,0,-114,-109,-117,-14,-54,-12,-10,0,-14,0,0,23,0,23,23,23,25,28,33,36,36,36,6,12,21,139,131,365,365,365,358,369,308,679,666,916,858,817,777,1384,1345,1341,1201,1110,1076,6093,5409,10062,6235,5206,4654,29976,29971,2707,1751]} 1. Nf3 b6 2. c4 Bb7 3. d4 e6 4. a3 Nf6 5. Nc3 d5 6. cxd5 Nxd5 7. Qc2 Nxc3 8. Qxc3 h6 9. g3 {LiveBook: 4 Games. E12: Queen's Indian: Unusual White 4th moves, 4 a3, 4 Nc3 Bb7 5 a3 and 4 Nc3 Bb7} Be4 $146 ({Find the theoretical novelty and annotate with similar games:} 9... Bd6 10. Bg2 O-O 11. O-O Nd7 12. b4 Qc8 13. Rd1 Rd8 14. Bb2 Bd5 15. Ne1 Qb7 16. Rac1 a5 {1-0 (67) Howell,D (2676)-Meier,G (2650) Riadh 2017}) 10. Bg2 Nc6 11. O-O {The position is equal.} Qd5 12. Rd1 O-O-O 13. Be3 g5 14. Bf1 Bg7 15. Rac1 {[#] Nd2 is the strong threat.} Qd7 16. b4 Ne7 17. Ne5 (17. a4 $5) 17... Bxe5 $1 18. dxe5 Qc6 19. Qb2 Rxd1 20. Rxd1 Qa4 21. Rc1 Rd8 22. f3 Bb7 23. Kf2 Nf5 24. Bd2 Nd4 25. Be3 Nf5 26. Bd2 Nd4 27. h4 Qb3 28. Bc3 (28. Qc3 $11 {keeps the balance.} Qxc3 29. Bxc3) 28... Qxb2 $17 29. Bxb2 {[#]} gxh4 (29... Nxf3 $1 $17 {[%mdl 512]} 30. Bg2 (30. exf3 Rd2+) 30... Nd2) 30. e4 (30. Bxd4 $5 Rxd4 31. gxh4 $15) 30... hxg3+ (30... Nf5 $5 31. exf5 Rd2+ 32. Ke3 Rxb2 $15) 31. Kxg3 a5 32. Kf4 Nb3 33. Rc3 a4 {Strongly threatening ...Rd2.} 34. Ke3 Rd1 35. Bb5 Re1+ $1 36. Kf2 Rh1 {Hoping for ...Rh2+.} 37. Bxa4 Rh2+ 38. Kg3 Rxb2 39. Bxb3 $14 {[%mdl 4096] Endgame KRB-KRB} Rd2 40. Ba4 Ba6 (40... Kd8 $11 {remains equal.}) 41. Be8 $16 Rd3 $2 (41... Bf1 $16) 42. Rxd3 $18 Bxd3 43. Bxf7 {KB-KB} Kd7 44. a4 c5 $2 (44... Ba6 45. f4 Bd3) 45. bxc5 bxc5 46. Kf2 Ke7 47. Bh5 Ba6 48. Ke3 Bc8 49. f4 {[%cal Bf3f4,Bf4f5,Bf5f6][%mdl 32]} Bd7 50. a5 Bb5 51. f5 Ba6 52. Be2 c4 53. f6+ Kf8 54. Kd4 c3 55. Bd1 {Precision: White = 74%, Black = 41%.} 1-0

[Event "4NCL 2017-18"]
[Site "Northampton"]
[Date "2018.02.10"]
[Round "5"]
[White "Turner, Matthew J"]
[Black "Speelman, Jon S"]
[Result "1/2-1/2"]
[WhiteElo "2536"]
[BlackElo "2503"]
[Annotator "TA"]
[PlyCount "67"]
[EventDate "2018.??.??"]
[EventCountry "GBR"]
[SourceTitle "playchess.com"]
[Source "ChessBase"]
[SourceQuality "1"]

{[%evp 9,67,12,7,7,7,0,0,5,4,0,7,0,0,0,0,0,0,0,0,0,0,0,0,0,10,2,25,12,33,33,40,44,42,39,35,56,62,17,81,81,69,81,93,99,109,49,43,47,44,45,68,8,8,8,8,8,8,6,8,11]} 1. Nf3 Nf6 2. c4 e6 3. g3 d5 4. Bg2 dxc4 5. Qa4+ Bd7 6. Qxc4 {A13: English Opening: 1...e6} c5 7. Ne5 Qc8 8. O-O Nc6 9. Nxd7 Qxd7 10. Nc3 Rc8 11. Qa4 Be7 12. d3 O-O 13. Be3 {[#]} Rfd8 $146 ({Predecessor:} 13... b6) 14. Rac1 b6 15. Rfd1 Nd5 16. Nxd5 exd5 17. a3 Qe6 18. b4 {[%cal Rb4c5]} cxb4 (18... Ne5 {with more complications.} 19. bxc5 bxc5 20. Qxa7 Ra8 21. Qb7 Rab8) 19. axb4 Nxb4 20. Rxc8 Rxc8 21. Qxa7 d4 22. Bxd4 {aiming for Qb7.} Qxe2 23. Rf1 Bc5 {[#]} (23... Bf8 $11 {keeps the balance.}) 24. Bxc5 $1 $16 bxc5 25. d4 $1 {[%cal Rd4c5]} Qb5 26. Bh3 Nc6 {[#]} 27. Qxc5 ({Better is} 27. Qa3 $1 $16 Rd8 28. dxc5 (28. Qxc5 Nxd4 29. Qxb5 Nxb5 $11)) 27... Qxc5 $14 28. dxc5 $16 {[%mdl 4096] Endgame KRB-KRN} Rc7 29. Rd1 Kf8 30. Rd7 ({White should play} 30. Bg2 $1 $14) 30... Rxd7 $11 {The position is equal.} 31. Bxd7 Nd4 32. f4 Ke7 33. Bh3 Nb3 34. c6 {Precision: White = 60%, Black = 77%.} 1/2-1/2

[Event "4NCL 2017-18"]
[Site "Northampton"]
[Date "2018.02.10"]
[Round "5"]
[White "Fodor, Tamas Jr"]
[Black "Fernandez, Daniel Howard"]
[Result "1-0"]
[WhiteElo "2498"]
[BlackElo "2496"]
[Annotator "TA"]
[PlyCount "101"]
[EventDate "2018.??.??"]
[EventCountry "GBR"]
[SourceTitle "playchess.com"]
[Source "ChessBase"]
[SourceQuality "1"]

{[%evp 12,101,33,28,28,38,32,10,16,0,0,0,7,0,0,-12,0,0,0,0,20,18,41,34,57,50,50,56,60,56,66,50,50,50,67,8,104,102,109,109,121,123,118,39,39,38,50,41,60,33,74,65,72,24,23,26,49,48,85,75,261,265,262,166,297,297,297,275,266,171,161,99,99,94,139,131,120,63,63,63,63,63,75,83,29972,29971,29983,29984,29982,29983,29992,29993]} 1. c4 e6 2. g3 g6 3. d4 Bg7 4. Bg2 d5 5. Nf3 Ne7 6. O-O O-O 7. Qc2 Nbc6 {A13: English Opening: 1...e6} 8. Rd1 b6 9. Bf4 (9. e3 Bb7 10. b3 Nb4 11. Qe2 c5 12. Bb2 dxc4 13. bxc4 cxd4 14. exd4 Nf5 15. d5 exd5 16. Bxg7 Nxg7 {½-½ (40) Giri,A (2752)-Kasimdzhanov,R (2700) Rosmalen 2014}) 9... Bb7 {The position is equal.} 10. Na3 $146 ({Predecessor:} 10. cxd5 exd5 11. Nc3 Nf5 12. e3 Nce7 13. Rac1 c6 14. b4 h6 15. h4 {½-½ (35) Maletin,P (2587)-Khairullin,I (2649) Sochi 2015}) 10... Nf5 {[%cal Rc6d4]} 11. e3 Nb4 12. Qd2 a5 13. b3 Nd6 14. Bxd6 Qxd6 15. Nb5 Qd8 16. Rac1 c6 17. Nc3 c5 18. cxd5 Nxd5 19. Nxd5 Bxd5 20. dxc5 bxc5 21. Rxc5 Qb6 22. Qc2 a4 {[%cal Ra4b3]} 23. bxa4 ({Better is} 23. Nd2 $1 $14) 23... Qb4 (23... Be4 $1 $11 {remains equal.} 24. Qc4 Bd5) 24. Ne1 $16 Bxg2 25. Rc4 $1 {[%cal Rc4b4] [#]} ({Resist} 25. Nxg2 Rxa4 26. Rc8 Qa5 $11) 25... Qxc4 $1 {[%mdl 512]} 26. Qxc4 Bd5 27. Rxd5 (27. Qf4 $16) 27... exd5 $14 28. Qxd5 Rxa4 29. Nf3 h6 30. Nh4 {Black must now prevent Nxg6.} Kh7 31. Kg2 Ra7 32. g4 Rb8 33. Nf3 $36 {[%mdl 2048] White is pushing.} Rb2 34. a3 Rc7 35. h4 Rcc2 $2 (35... Rbc2 $16) 36. Qxf7 $18 Rxf2+ 37. Kg3 Rg2+ {[#]} (37... Rfe2 {keeps fighting.}) 38. Kh3 $1 Rge2 {[#]} 39. Qe6 $1 Ra2 40. Qb3 Rf2 {[%cal Rf2f3]} 41. Kg3 (41. Qf7 $18) 41... Rg2+ $16 42. Kf4 {Strongly threatening Qd3.} Rab2 43. Qe6 Rb8 44. h5 (44. Qd7 $16) 44... Rf8+ $14 45. Ke4 gxh5 46. gxh5 Rg3 47. Nd4 Ra8 $2 {[%mdl 8192]} (47... Rg5 $16) 48. Kf4 {White mates.} Rxe3 49. Kxe3 Rxa3+ 50. Ke4 Ra4 51. Qg6+ {Precision: White = 54%, Black = 41%.} 1-0

[Event "4NCL 2017-18"]
[Site "Northampton"]
[Date "2018.02.10"]
[Round "5"]
[White "Gormally, Daniel W"]
[Black "Cooper, John G"]
[Result "*"]
[WhiteElo "2483"]
[BlackElo "2294"]
[Annotator "TA"]
[PlyCount "35"]
[EventDate "2018.??.??"]
[EventCountry "GBR"]
[SourceTitle "playchess.com"]
[Source "ChessBase"]
[SourceQuality "1"]

{[%evp 18,19,27,21]} 1. d4 Nf6 2. Nf3 c5 3. d5 d6 4. Nc3 g6 5. e4 Bg7 6. Bb5+ Bd7 7. a4 O-O 8. h3 Na6 9. O-O Nc7 {A43: Schmid Benoni} 10. Bd3 {LiveBook: 4 Games} (10. Bc4 a6 11. e5 dxe5 12. Nxe5 Be8 13. Bf4 b5 14. axb5 axb5 15. Rxa8 Qxa8 16. Nf3 bxc4 17. Bxc7 {½-½ (44) Wang,Y (2716)-Malakhov,V (2732) Ningbo 2010}) {Predecessor:} 10... a6 $146 11. a5 Rb8 12. Na4 e6 13. c4 Bxa4 14. Rxa4 b5 15. axb6 Rxb6 16. b3 Qb8 17. Bc2 exd5 18. exd5 {1-0 (41) Stohl,I (2540)-Danner,G (2340) Hungary 1998} *

[Event "4NCL 2017-18"]
[Site "Northampton"]
[Date "2018.02.10"]
[Round "5"]
[White "Greet, Andrew N"]
[Black "Bisby, Daniel L"]
[Result "0-1"]
[WhiteElo "2458"]
[BlackElo "2341"]
[Annotator "TA"]
[PlyCount "104"]
[EventDate "2018.??.??"]
[EventCountry "GBR"]
[SourceTitle "playchess.com"]
[Source "ChessBase"]
[SourceQuality "1"]

{[%evp 15,104,20,28,0,22,9,20,12,18,4,12,0,22,4,29,-26,-31,-36,-51,-41,-31,-112,-89,-87,10,0,0,0,0,-31,-28,-10,-25,-114,-115,-135,-117,-167,-147,-201,-103,-180,-124,-115,-126,-168,-153,-233,-209,-608,-316,-314,134,125,356,365,695,-337,-339,-332,-318,-322,-283,-352,-353,-334,-334,-310,-294,-399,-387,-498,-312,-367,-375,-742,-748,-748,-748,-715,-706,-623,-706,-29966,-29968,-29986,-29987,-29987,-29987,-29988,-29989]} 1. e4 {[%cal Be2e4,Be4e5][%mdl 32]} Nf6 2. e5 Nd5 3. d4 d6 4. c4 Nb6 5. exd6 cxd6 6. Nc3 g6 7. Be3 Bg7 8. Qd2 Nc6 {[%cal Bb8c6,Bc6d4,Bd4e2][%mdl 32]} 9. Rc1 {B03: Alekhine's Defence: Four Pawns Attack} (9. h3 O-O 10. Nf3 d5 11. c5 {½-½ (11) Georgiev,K (2395)-Ninov,D (2291) Primorsko 2016}) 9... O-O 10. b3 e5 {[%cal Re5d4]} 11. d5 {The position is equal.} Nd4 12. Bd3 $146 ({Predecessor:} 12. Bxd4 exd4 13. Nb5 Re8+ 14. Be2 Bg4 15. Kf1 Bc8 16. Nf3 a6 17. Nbxd4 {0-1 (48) Prata,J (1965)-Martins,P (2023) Lisbon 2014}) 12... Nd7 13. Nge2 Nc5 14. O-O Qa5 15. Rcd1 (15. Bb1 $142) 15... Nxd3 $11 16. Qxd3 {[%cal Re2d4]} Nxe2+ 17. Nxe2 Qxa2 18. c5 (18. Rfe1 $15) 18... dxc5 19. Bxc5 e4 ({Better is} 19... Bf5 $17 20. Qe3 Rfc8) 20. Qe3 Re8 21. Rd2 Qa6 22. Ng3 Bd7 $36 {[%mdl 2048] Black is pushing.} 23. Bd4 Bxd4 24. Qxd4 {[#]} (24. Rxd4 $11 {keeps the balance.} f5 25. d6) 24... f5 $1 $17 25. Rc1 Rac8 26. Rxc8 Rxc8 27. h4 (27. Rd1 $17) 27... Qd6 (27... Rc1+ $19 28. Kh2 Qd6) 28. h5 (28. Nf1 $17) 28... b6 (28... Rc1+ $19 29. Rd1 Qb6) 29. hxg6 hxg6 30. Ne2 Kf7 31. g3 (31. Rd1 $17) 31... Qf6 $19 32. Qb4 $2 (32. b4) 32... Qa1+ 33. Kg2 {White wants to play Qd6.} Qe1 $2 (33... Rh8 $2 34. Ng1 $19) ({Black should try} 33... Rc5 $19 {Strongly threatening ...Bb5.} 34. g4 Qe5) 34. Qd6 $16 Rd8 $2 (34... Bb5 $16) 35. Ra2 $18 {Hoping for Qc7.} a5 $2 {[#]} (35... Qd1 36. Rxa7 Qxe2 37. Qe6+ (37. Rxd7+ Rxd7 38. Qxd7+ Kg8 $11) 37... Kf8 38. Qf6+ Ke8) 36. Nf4 $4 {[%mdl 8192] [#]} (36. Qc7 $1 $18 {[%cal Rc7d8]} Ke8 37. Qxb6) 36... Qf1+ $1 $19 {[%mdl 512]} 37. Kxf1 {White wants to mate with Kg2.} Bb5+ 38. Ke1 Rxd6 {[%mdl 4096] Endgame KRB-KRN} 39. Rc2 g5 40. Ne6 Rxd5 41. Nxg5+ Kf6 42. Nh7+ Ke5 43. Rc8 Bd3 44. Nf8 Rb5 45. Rc3 $2 {[#]} (45. Ng6+ Kd4 46. Ne7) 45... a4 $1 {[%mdl 512]} 46. bxa4 Rb1+ 47. Kd2 Rb2+ 48. Kc1 Rxf2 49. Nd7+ Kd4 {Black mates.} 50. Rc6 e3 {[%cal Be4e3,Be3e2][%mdl 32]} 51. Nxb6 Rf1+ 52. Kb2 e2 {Precision: White = 32%, Black = 32%.} 0-1

[Event "4NCL 2017-18"]
[Site "Northampton"]
[Date "2018.02.10"]
[Round "5"]
[White "Zhou, Yang-Fan"]
[Black "Williams, Simon K"]
[Result "0-1"]
[WhiteElo "2448"]
[BlackElo "2453"]
[Annotator "TA"]
[PlyCount "134"]
[EventDate "2018.??.??"]
[EventCountry "GBR"]
[SourceTitle "playchess.com"]
[Source "ChessBase"]
[SourceQuality "1"]

{[%evp 9,134,0,0,0,0,-10,0,-8,-8,-19,0,-22,0,0,-7,0,0,0,11,0,0,0,0,0,0,-8,-14,-33,-33,-59,-54,-57,-50,-47,-60,-60,0,-46,-43,-43,-46,-49,-8,-10,14,0,9,12,19,26,26,26,37,36,347,-15,-11,-10,-12,-39,-39,-43,-43,-87,-87,-154,-161,-282,-282,-275,-276,-274,-253,-223,-89,-90,-90,-90,-90,-90,-90,-89,-90,-89,-89,-106,-109,-159,-159,-159,-159,-159,-145,-164,-85,-445,-367,-297,-283,-306,-297,-438,-432,-1055,-896,-872,-413,-645,-437,-780,-462,-462,-460,-4606,-2231,-29979,-29972,-29970,-29973,-29964,-29974,-29974,-29975,-29982,-29983,-29976,-29959]} 1. e4 e6 2. d3 Nf6 3. f4 (3. Nd2 Nc6 4. Ngf3 Be7 5. g3 d5 6. c3 dxe4 7. dxe4 e5 8. Bg2 Bg4 9. O-O Qd3 10. Re1 O-O-O {1-0 (37) Pancevski,F (2476)-Yogesh,G (2101) Arlington 2014}) 3... d5 4. e5 Ng8 5. Nd2 c5 6. g3 $146 {C00: Französische Verteidigung (Seltene Züge)} ({Vorgänger:} 6. Ngf3 Ne7 7. Nb3 Nbc6 8. Be3 d4 9. Bf2 Nd5 10. g3 b6 11. Rc1 Bb7 12. Bg2 {1-0 (39) Igriashvili,Z (2360)-Mitbreit,D (2250) Moscow 1998}) 6... Nc6 7. Ndf3 h5 8. c3 {Die Stellung ist ausgeglichen.} Nh6 9. Qe2 b5 10. Nh3 Nf5 11. Nhg5 b4 12. Bh3 g6 13. O-O a5 14. Be3 d4 15. cxd4 Ncxd4 16. Bxd4 Nxd4 17. Qe4 Nxf3+ 18. Rxf3 Ra7 19. Rf2 h4 20. Rc1 hxg3 21. hxg3 Rc7 22. Rh2 Bb7 (22... c4 $15 23. d4 (23. dxc4 $2 Bb7 $17) (23. Rxc4 $2 Bb7 $19) 23... Bb7) 23. Qe3 {[#]} (23. Qc4 $5 {[%cal Rh3e6]} Bd5 24. Qb5+ Bc6 25. Qc4 $11) 23... c4 $1 {[%mdl 512]} 24. d4 (24. Rxc4 Rxc4) 24... Rh5 25. Ne4 {zielt auf Sf6+ ab.} Bxe4 26. Qxe4 c3 27. Bf1 f5 (27... Bc5 {keeps more tension.} 28. dxc5 Rxh2 29. Kxh2 Qd2+ 30. Bg2 Qxc1 31. Qa8+ Ke7) 28. exf6 $1 Qxf6 29. Rxh5 gxh5 30. bxc3 bxc3 31. Bb5+ Ke7 $2 {[%mdl 8192] [#]} (31... Kf7 $1 $14) 32. d5 $2 (32. Rxc3 $1 $18 {[%mdl 512]} Ra7 (32... Rxc3 33. Qb7+) 33. Re3) 32... Qf5 $11 33. Qxf5 exf5 {[%mdl 4096] Endspiel KTL-KTL} 34. Bc6 Bg7 $1 35. Kf2 Kd6 36. Ke2 Re7+ 37. Kd3 (37. Kf3 $142) 37... Re4 $17 38. Rh1 (38. Rc2 $142) 38... Rd4+ $19 39. Kc2 Rd2+ 40. Kb3 Rb2+ 41. Kc4 c2 ({Auf keinen Fall} 41... Rxa2 42. Re1 $17) (41... Rb4+ $19 42. Kd3 Rd4+ 43. Kc2 h4 $1 {[%mdl 512]} 44. gxh4 Rxf4) 42. Rc1 $17 Rxa2 43. Kd3 Ra3+ 44. Kxc2 Rxg3 {Droht stark ...h4.} 45. Rh1 Rg4 46. Rxh5 Rxf4 47. Rg5 Be5 48. Kd3 Rd4+ 49. Ke2 {[#]} f4 $1 50. Rg8 Re4+ 51. Kf2 Re3 (51... Rb4 $19 {Weiss muss nun ...Tb2+ beachten.} 52. Re8 Rb2+ 53. Kf3 Rb3+ 54. Kg4 Rg3+ 55. Kh5 Bc3 56. Re6+ Kc5) 52. Ra8 $2 {[%mdl 8192]} (52. Rg6+ $17 Kc7 53. Re6) 52... Ra3 53. Rf8 a4 {[%cal Ba5a4,Ba4a3][%mdl 32]} 54. Ra8 Bd4+ 55. Ke1 (55. Kf1 {war die einzige Verteidigung.} Rf3+ 56. Ke1) 55... Re3+ $19 56. Kf1 (56. Kd2 $142 a3 57. Ra6) 56... a3 57. Ra4 Be5 (57... Bc5 $142 {Und ...Tb3 würde nun gewinnen.} 58. Ra6 f3 59. Be8+ Ke5) 58. Ra6 (58. Be8 $142) 58... Rc3 59. Ke1 (59. Ba8+ $142 Ke7 60. Ra7+ Kd8 61. Ra6) 59... f3 {[%cal Bf4f3,Bf3f2][%mdl 32]} 60. Kd2 {Jetzt La8+ und Weiss darf weiter klammern.} f2 {( -> ...Txc6)} 61. Be8+ (61. Bb5+ $142 Kxd5 62. Bf1) 61... Kxd5 (61... Kc5 $142 62. Ke2 Rc2+ 63. Kf1 a2) 62. Ke2 Rc2+ {Schwarz setzt Matt.} 63. Kf1 Bd4 64. Kg2 Rc1 65. Bb5 Rg1+ 66. Kh3 Bc5 67. Bc6+ Ke5 {Precision: Weiß = 39%, Schwarz = 60%.} 0-1

[Event "4NCL 2017-18"]
[Site "Northampton"]
[Date "2018.02.10"]
[Round "5"]
[White "Notkevich, Benjamin Arvola"]
[Black "Sowray, Peter J"]
[Result "0-1"]
[WhiteElo "2446"]
[BlackElo "2363"]
[Annotator "TA"]
[PlyCount "72"]
[EventDate "2018.??.??"]
[EventCountry "GBR"]
[SourceTitle "playchess.com"]
[Source "ChessBase"]
[SourceQuality "1"]

{[%evp 25,72,-8,5,-177,-181,-162,-182,-127,-118,-118,-119,-121,-115,-88,-121,-121,-117,-114,-113,-114,-114,-198,-204,-200,-187,-185,-185,-208,16,-54,-54,-364,-360,-358,-358,-358,-347,-354,-355,-354,-324,-350,-343,-368,-357,-397,-380,-460,-450]} 1. e4 e5 2. Nf3 Nc6 3. d4 exd4 4. Nxd4 Nf6 {[%cal Bg8f6,Bf6d5,Bd5b6][%mdl 32]} 5. Nxc6 bxc6 6. e5 Qe7 7. Qe2 Nd5 8. c4 Nb6 9. Nd2 Qe6 10. b3 Bb4 11. Bb2 O-O {C45: Scotch Game} 12. O-O-O Qe7 13. Ne4 Re8 $1 {LiveBook: 3 Games. The position is equal.} 14. f4 $2 (14. Rd4 $11 {and White is okay.}) (14. Qc2 d5 15. cxd5 cxd5 16. Nc3 Bxc3 17. Bxc3 c5 18. Bd3 g6 19. f4 {1-0 (71) Yu,Y (2724)-Bruzon Batista,L (2691) Tsaghkadzor 2015}) 14... d5 $19 15. cxd5 $146 ({Find the theoretical novelty and annotate with similar games:} 15. Ng5 f6 16. Nf3 dxc4 17. Qc2 cxb3 18. axb3 Ba3 19. Bd3 Bxb2+ 20. Kxb2 {1-0 (38) Zuriel,M (2229)-Sarquis,M (2096) Vicente Lopez 2003}) 15... cxd5 ({Of course not} 15... Nxd5 $6 16. Qf3 $15) 16. Ng3 (16. Nc3 $19) 16... Rb8 17. Qc2 Bg4 18. Be2 Bxe2 19. Qxe2 Ba3 {[#] Hoping for ...Na4!} 20. Nf5 Qb4 21. Bxa3 Qxf4+ ({Much worse is} 21... Qxa3+ $6 22. Qb2 $11) 22. Ne3 {Strongly threatening Bb2.} Qxe5 {And now ...Qa1+ would win.} 23. Bc5 (23. Bb2 $17 Qxe3+ 24. Qxe3 Rxe3 25. Bd4) 23... Qa1+ 24. Kd2 Qxa2+ 25. Ke1 Qxb3 26. Kf2 Re4 $2 (26... Na4 $19 27. Rd3 Nc3) 27. Qd3 (27. Rhe1 $11) 27... Qb2+ $1 $15 28. Qc2 $2 {[%mdl 8192]} ({Only move:} 28. Kg1 $15) 28... Qxc2+ $19 29. Nxc2 Rc4 $1 {[%csl LRc2,LRc5]} 30. Bxb6 {[#] Black must now prevent Ne3.} Rxc2+ ({Inferior is} 30... axb6 31. Ne3 $14) 31. Kf3 cxb6 32. Rxd5 Rc7 33. Rb1 g6 34. g4 Kg7 35. h4 Rbc8 36. Re1 Rc3+ {Precision: White = 38%, Black = 75%.} 0-1

[Event "4NCL 2017-18"]
[Site "Northampton"]
[Date "2018.02.10"]
[Round "5"]
[White "Hunt, Harriet V"]
[Black "Toma, Katarzyna"]
[Result "1/2-1/2"]
[WhiteElo "2441"]
[BlackElo "2277"]
[Annotator "TA"]
[PlyCount "31"]
[EventDate "2018.??.??"]
[EventCountry "GBR"]
[SourceTitle "playchess.com"]
[Source "ChessBase"]
[SourceQuality "1"]

{[%evp 20,25,22,6,12,13,33,31]} 1. e4 e5 2. Nf3 Nc6 3. Bb5 {[%cal Bf1b5,Bb5a4,Ba4b3][%mdl 32]} Nge7 4. c3 g6 5. d4 exd4 6. cxd4 a6 {C60: Ruy Lopez: Unusual Black 3rd moves and 3...g6} 7. Ba4 b5 8. Bb3 Bg7 9. O-O d6 10. h3 O-O 11. Nc3 {LiveBook: 196 Games} Na5 12. Bc2 Bb7 13. Re1 {[#]} {Predecessor:} Rc8 $146 14. b3 c5 15. Ne2 h6 16. Bb2 {1-0 (36) Leko,P (2720)-Georgiev,V (2553) Porto Carras 2011} 1/2-1/2

[Event "4NCL 2017-18"]
[Site "Northampton"]
[Date "2018.02.10"]
[Round "5"]
[White "Flear, Glenn C"]
[Black "Arkell, Keith C"]
[Result "1-0"]
[WhiteElo "2434"]
[BlackElo "2415"]
[Annotator "TA"]
[PlyCount "81"]
[EventDate "2018.??.??"]
[EventCountry "GBR"]
[SourceTitle "playchess.com"]
[Source "ChessBase"]
[SourceQuality "1"]

{[%evp 18,81,16,4,34,33,31,33,31,11,15,19,12,8,9,4,61,65,77,75,66,52,75,40,96,25,25,25,24,0,23,8,8,0,10,0,23,22,27,25,51,21,45,22,32,0,0,0,0,0,0,0,0,8,123,97,361,242,364,332,414,412,645,631,658,623]} 1. d4 e6 2. c4 Bb4+ 3. Bd2 Bxd2+ 4. Qxd2 d5 5. Nf3 Nf6 6. g3 Nbd7 7. Bg2 O-O 8. O-O c6 9. Rc1 Qe7 10. Na3 {LiveBook: 4 Games. E11: Bogo-Indian} (10. Qe3 Re8 11. Na3 e5 12. dxe5 Nxe5 13. Nxe5 Qxe5 14. Qxe5 Rxe5 15. cxd5 Nxd5 16. e4 Nb6 17. Nc2 Kf8 18. Nb4 Re7 {1-0 (60) Yilmaz,M (2633)-Kiriakov,P (2543) Beirut 2017}) 10... Ne4 11. Qe3 $146 ({Find the theoretical novelty and annotate with similar games:} 11. Qf4 Qf6 12. Qe3 Re8 13. Nc2 Nd6 14. Ne5 Nf5 15. Nxd7 Bxd7 16. Qd3 Rad8 17. f4 Bc8 {½-½ (47) Slavin,A (2426)-Arkell,K (2439) Newport Pagnell 2010}) 11... Re8 12. Ne5 {White is slightly better.} Nd6 13. Qc3 (13. Qb3 {NOTEXT} Nf5 14. Nf3 h5 15. e3 g5 16. h3) 13... f6 14. Nxd7 Bxd7 15. c5 Nf7 16. e4 b5 (16... dxe4 $11 17. Bxe4 e5) 17. Re1 {Hoping for exd5.} Qd8 18. Nc2 a5 19. a3 Qc7 20. Re3 Ng5 {[#]} (20... dxe4 $14 21. Bxe4 (21. Rxe4 e5 $14) 21... e5) 21. exd5 (21. e5 $1 $16) 21... exd5 $11 22. Rae1 Rxe3 23. Rxe3 (23. Nxe3 {NOTEXT} Re8 24. h4 Ne4 25. Bxe4 Rxe4 26. Ng2) 23... Re8 (23... Bh3 {NOTEXT} 24. Qe1 Qd7 25. Bxh3 Nxh3+ 26. Kg2 Kf7) 24. Qe1 Rxe3 25. Nxe3 Qd8 26. h4 Nf7 27. Bf1 g6 28. Bd3 Kg7 29. Qe2 Nh6 30. Qf3 Qb8 31. h5 Nf7 32. hxg6 hxg6 33. Ng2 Ng5 34. Qd1 Qc8 35. Nh4 $36 {[%mdl 2048] White is pushing.} Nh3+ (35... Ne4 $11 {remains equal.}) 36. Kg2 Be8 $2 {[%mdl 8192] [#]} (36... Ng5 $16) 37. Qe2 Bf7 (37... Ng5 {was called for.} 38. Qe7+ Bf7 39. Bxg6 Qh3+ 40. Kg1 Qe6) 38. f4 $18 ({Not} 38. Qe7 Nf4+ 39. gxf4 Qg4+ 40. Kf1 Qxh4 $15) 38... a4 39. Kh2 Qe6 (39... Qd7 $142 40. Qf1 Nxf4) 40. Qxe6 Bxe6 41. Kg2 {Precision: White = 58%, Black = 36%.} 1-0

[Event "4NCL 2017-18"]
[Site "Northampton"]
[Date "2018.02.10"]
[Round "5"]
[White "Suarez Real, Alberto"]
[Black "Hawkins, Jonathan"]
[Result "1/2-1/2"]
[WhiteElo "2431"]
[BlackElo "2592"]
[Annotator "TA"]
[PlyCount "71"]
[EventDate "2018.??.??"]
[EventCountry "GBR"]
[SourceTitle "playchess.com"]
[Source "ChessBase"]
[SourceQuality "1"]

{[%evp 34,71,9,0,0,0,0,0,0,0,0,0,0,0,0,0,0,0,0,0,0,0,0,0,0,0,0,0,0,0,0,0,0,0,0,0,0,0,0,0]} 1. e4 e5 2. Nf3 Nc6 3. d4 exd4 4. Nxd4 Nf6 5. Nc3 Bb4 6. Nxc6 bxc6 7. Bd3 d5 8. exd5 cxd5 9. O-O O-O 10. Bg5 c6 11. Qf3 Bd6 12. Rfe1 Rb8 13. Rab1 h6 {C47: Scotch Four Knights and Four Knights with 4 g3} 14. Bxf6 Qxf6 15. Qxf6 gxf6 16. Ne2 c5 {[%cal Bc6c5,Bc5c4][%mdl 32]} (16... Be5 17. b3 Be6 18. Ng3 Rfe8 19. Nf5 h5 20. Rbd1 c5 21. Ne3 {½-½ (54) Le Roux,J (2551)-Fressinet,L (2715) Belfort 2012}) 17. b3 Be6 18. Ng3 {LiveBook: 6 Games. The position is equal.} c4 19. Bf5 Bxg3 20. Bxe6 fxe6 21. hxg3 $11 {[%mdl 4096] Endgame KRR-KRR} Kf7 $146 22. bxc4 dxc4 23. Kf1 Rb6 24. Ke2 Rd8 25. Rxb6 axb6 {KR-KR} 26. Rb1 c3 27. Rd1 Ra8 28. Rd7+ Kg6 29. Rc7 Rxa2 30. Rxc3 Kf5 31. Kd2 Ra5 32. Rb3 Rd5+ 33. Ke3 Re5+ 34. Kd3 Rd5+ 35. Ke3 Re5+ 36. Kd3 {Precision: White = 88%, Black = 94%.} 1/2-1/2